000 00301nam a22001337a 4500
008 210527b ||||| |||| 00| 0 eng d
041 _aeng
080 _22nd
_a33
082 _a33
100 _a52
101 _aEKO
245 _aAn Economic History of the United States
_cFite,G.C
942 _2udc
_cBK
999 _c57695
_d57695